ახალციხის და ტაო-კლარჯეთის ეპარქია = The Akhaltsikhe and Tao-Klarjeti eparchye / (ბიბ.ჩანაწერი № 46277)
[ მარტივი ფორმატი ]
| 000 -ლიდერი | |
|---|---|
| ფიქსირებული სიგრძის საკონტროლო ველი | 03206nam a2200373Ia 4500 |
| 001 - საკონტროლო ნომერი | |
| საკონტროლო ველი | 13111 |
| 003 - საკონტროლო ნომრის იდენტიფიკატორი | |
| საკონტროლო ველი | GE_BSU |
| 005 - ბოლო ოპერაციის თარიღი და დრო | |
| საკონტროლო ველი | 20240826171208.0 |
| 008 - ფიქსირებული სიგრძის მონაცემთა ელემენტები - ზოგადი ინფორმაცია | |
| ფიქსირებული სიგრძის საკონტროლო ველი | 181216s2013||||ge |||||||||||||| ||geo|| |
| 020 ## - წიგნის საერთაშორისო სტანდარტული ნომერი | |
| International Standard Book Number | 978-9941-0-6774-7 |
| 040 ## - კატალოგიზაციის წყარო | |
| Transcribing agency | GE_BSU |
| 041 ## - ენის კოდი | |
| Language code of text/sound track or separate title | geo |
| 080 ## - უნივერსალური ათობითი კლასიფიკაციის ინდექსი | |
| Universal Decimal Classification number | 271.222(479.22) ა-96 |
| 245 ## - ცნობა სათაურის შესახებ | |
| Title | ახალციხის და ტაო-კლარჯეთის ეპარქია = The Akhaltsikhe and Tao-Klarjeti eparchye / |
| Statement of responsibility, etc | იდეის ავტ. არქიმანდრიტი ნიკოლოზი (გეწაძე) ; სარედ. კოლ. : ვალერი ასათიანი, მერაბ ბერიძე, გიორგი მარსაგიშვილი [და სხვ.] ; ინგლ. თარგმანი ლიანა გაბეჩავა ; დიზაინი თამაზ ვარვარიძე. |
| 264 ## - წარმოების, გამოცემის, დისტრიბუციის და სხვა ცნობები | |
| გამოცემის, წარმოების, დისტრიბუციის... ადგილი | თბილისი : |
| გამოცემის, წარმოების, დისტრიბუციის... სახელწოდება | "ზარზმის სავანე", |
| გამოცემის, წარმოების, დისტრიბუციის... თარიღი | 2013. |
| 300 ## - ფიზიკური აღწერა | |
| Extent | 916 გვ. : |
| Other physical details | ფოტ. + 1 რუკა ; |
| Dimensions | 29 სმ. |
| 500 ## - ზოგადი შენიშვნა | |
| General note | ეძღვნება საქ. კათოლიკოს-პატრიარქის, მცხეთა-მთიანეთის მთავარეპისკოპოსის, ბიჭვინთისა და ცხუმ-აფხაზეთის მიტროპოლიტის... ილია II-ის დაბადებიდან 80 და აღსაყდრებიდან 35 წლისთავს დაიბეჭდა ლატვიაში |
| 500 ## - ზოგადი შენიშვნა | |
| General note | თავფურ. და გარეკანი ქართ. და ინგლ. |
| 500 ## - ზოგადი შენიშვნა | |
| General note | წიგნი დაიბეჭდა ... მიტროპოლიტ თეოდორეს (ჭუაძე) ლოცვა-კურთხევით |
| 653 ## - INDEX TERM--UNCONTROLLED | |
| Uncontrolled term | The Akhaltsikhe and Tao-Klarjeti eparchye |
| 653 ## - INDEX TERM--UNCONTROLLED | |
| Uncontrolled term | ახალციხის და ტაო-კლარჯეთის ეპარქია |
| 653 ## - INDEX TERM--UNCONTROLLED | |
| Uncontrolled term | ეპარქიები საქართველოში |
| 653 ## - INDEX TERM--UNCONTROLLED | |
| Uncontrolled term | ეკლესია-მონასტრები საქართველოში |
| 700 ## - ADDED ENTRY--PERSONAL NAME | |
| Personal name | გეწაძე, ნიკოლოზი |
| Dates associated with a name | |
| Relator term | ავტორი |
| 9 (RLIN) | 23121 |
| 700 ## - ADDED ENTRY--PERSONAL NAME | |
| Personal name | ვარვარიძე, თ. (თამაზ) |
| Relator term | დიზაინი |
| 9 (RLIN) | 23122 |
| 700 ## - ADDED ENTRY--PERSONAL NAME | |
| Personal name | ასათიანი, ვ. (ვალერი) |
| Relator term | იდეის ავტორი და რედაქტორი |
| 9 (RLIN) | 23123 |
| 700 ## - ADDED ENTRY--PERSONAL NAME | |
| Personal name | ბერიძე, მ. (მერაბ) |
| Relator term | რედაქტორი |
| 9 (RLIN) | 23124 |
| 700 ## - ADDED ENTRY--PERSONAL NAME | |
| Personal name | მარსაგიშვილი, გ. (გიორგი) |
| Relator term | რედაქტორი |
| 9 (RLIN) | 23125 |
| 700 ## - ADDED ENTRY--PERSONAL NAME | |
| Personal name | აბესაძე, ქ. (ქეთევან) |
| Relator term | რედაქტორი |
| 9 (RLIN) | 23126 |
| 700 ## - ADDED ENTRY--PERSONAL NAME | |
| Personal name | ასათიანი, ს. (სანდრო) |
| Relator term | რედაქტორი |
| 9 (RLIN) | 23127 |
| 700 ## - ADDED ENTRY--PERSONAL NAME | |
| Personal name | გაბეჩავა, ლ. (ლიანა) |
| Relator term | მთარგმნელი |
| 9 (RLIN) | 23128 |
| 700 ## - ADDED ENTRY--PERSONAL NAME | |
| Personal name | ვარვარიძე, თ. (თამაზ) |
| Relator term | დიზაინი |
| 9 (RLIN) | 23122 |
| 942 ## - ADDED ENTRY ELEMENTS (KOHA) | |
| Koha item type | წიგნი |
| Source of classification or shelving scheme | |
| ჩამოწერის სტატუსი | დაკარგული ეგზემპლარის სტატუსი | კლასიფიკაციის წყარო ან თაროზე გაწყობის სქემა | დაზიანების სტატუსი | არ გაიცემა | მუდმივი მდებარეობა (დაცვის ადგილი) | ამჟამინდელი ადგილსამყოფელი | თაროზე განთავსების ადგილი | შეძენის თარიღი | სრული შენახვის შიფრი | შტრიხკოდი | ბოლო ოპერაციის თარიღი | ეგზემპლარის მიმდევრობითი ნომერი (კეტერი?) | ფასის ძალაში შესვლის თარიღი | ეგზემპლარის სახეობა |
|---|---|---|---|---|---|---|---|---|---|---|---|---|---|---|
| ბათუმის შოთა რუსთაველის სახელმწიფო უნივერსიტეტის მთავარი ბიბლიოთეკა | ბათუმის შოთა რუსთაველის სახელმწიფო უნივერსიტეტის მთავარი ბიბლიოთეკა | წიგნსაცავი | 2018-12-17 | 271.222(479.22) ა-96 | 27211 | 2018-12-17 | 27211 | 2018-12-17 | წიგნი |
